Systémové aspekty vnútornej kontroly autoreferát pre získanie vedeckej hodnosti kandidáta ekonomických vied

Uložené v:
Podrobná bibliografia
Hlavný autor: Andrlová, Margita
Korporativný autor: Vysoká škola ekonomická v Bratislave
Médium: Kniha
Jazyk:Slovak
Vydavateľské údaje: Bratislava 1984
Tagy: Pridať tag
Žiadne tagy, Buďte prvý, kto otaguje tento záznam!

MARC

LEADER 00000nam a2200000 4500
001 c114708
005 20190521121627.0
041 0 |a slo 
044 |a SK 
245 1 0 |a Systémové aspekty vnútornej kontroly  |b autoreferát pre získanie vedeckej hodnosti kandidáta ekonomických vied  |c Margita Andrlová 
264 1 |a Bratislava  |c 1984 
300 |a 34 s. 
100 1 |a Andrlová, Margita 
710 2 |a Vysoká škola ekonomická v Bratislave